Normal view
MARC view
- Roy,R.
Entry Personal Name
001 - CONTROL NUMBER
- control field: 5873
003 - CONTROL NUMBER IDENTIFIER
- control field: OSt
005 - DATE AND TIME OF LATEST TRANSACTION
- control field: 20180208083329.0
008 - FIXED-LENGTH DATA ELEMENTS
- fixed length control field: 180208|| aca||aabn | a|a d
040 ## - CATALOGING SOURCE
- Original cataloging agency: OSt
- Transcribing agency: OSt
100 ## - HEADING--PERSONAL NAME
- Personal name: Roy,R.
670 ## - SOURCE DATA FOUND
- Source citation: Work cat.: (OSt): Roy,R., Calendar Mysteries March Mischief, 2010